Profitable farm management / (Record no. 7143)
[ view plain ]
| 000 -LEADER | |
|---|---|
| fixed length control field | 00517nam a2200205 a 4500 |
| 001 - CONTROL NUMBER | |
| JCCL Control Number | 7143 |
| 003 - CONTROL NUMBER IDENTIFIER | |
| JCCL marc code | BD-JhCC |
| 005 - DATE AND TIME OF LATEST TRANSACTION | |
| control field | 20180212111943.0 |
| 008 - FIXED-LENGTH DATA ELEMENTS--GENERAL INFORMATION | |
| fixed length control field | 180205s1957 usa |||| |||| 000 0 eng d |
| 035 ## - SYSTEM CONTROL NUMBER | |
| system control number | (BD-JhCC) |
| 040 ## - CATALOGING SOURCE | |
| Original cataloging agency | BD-JhCC |
| Modifying agency | BD-JhCC |
| 041 ## - LANGUAGE CODE | |
| Language code of Book | eng |
| 082 ## - DEWEY DECIMAL CLASSIFICATION NUMBER | |
| Classification number | 631.1 |
| Author mark and Year | HAM 1957 |
| 100 ## - MAIN ENTRY--PERSONAL NAME | |
| Personal name | Hamilton, James E. |
| 245 ## - TITLE STATEMENT | |
| Title | Profitable farm management / |
| Statement of responsibility, etc | James E. Hamiton and W. R. Bryant |
| 300 ## - PHYSICAL DESCRIPTION | |
| Pagination | 394 p;, |
| Dimensions | 24 cm |
| 650 ## - SUBJECT ADDED ENTRY--TOPICAL TERM | |
| Topical term or geographic name as entry element | Farm Management |
| 700 ## - ADDED ENTRY--PERSONAL NAME | |
| Personal name | Bryant, W. R. |
| 942 ## - ADDED ENTRY ELEMENTS (KOHA) | |
| Source of classification or shelving scheme | Dewey Decimal Classification |
| Koha item type | Books |
| Source of classification or shelving scheme | Damaged status | Not for loan | Home library | Current library | Shelving location | Date of accession | Total Checkouts | Full call number | Barcode | Date last seen | Copy number | Koha item type |
|---|---|---|---|---|---|---|---|---|---|---|---|---|
| Dewey Decimal Classification | JCC Rouf Library | JCC Rouf Library | General Stacks | 02/05/2018 | 631.1 HAM 1957 | 8662 | 02/05/2018 | C-1 | Books |